[Event "NAYCC U18 w"]
[Site "Kingston CAN"]
[Date "2025.08.20"]
[Round "4.4"]
[White "Ruchinskaya, Valerie"]
[Black "Xie, Irene"]
[Result "1/2-1/2"]
[WhiteElo "1898"]
[BlackElo "1977"]
[WhiteFideId "-1"]
[WhiteFideId "-1"]
[PlyCount "69"]
[GameId "2218386003519517"]
[EventDate "2025.08.18"]
[EventType "swiss"]
[EventRounds "9"]
[EventCountry "CAN"]

1. d4 Nf6 2. c4 e6 3. g3 d5 4. Nf3 Bb4+ 5. Bd2 Be7 6. Bg2 O-O 7. O-O c6 8. Qc2 b6 9. Rd1 Nbd7 10. b3 Ba6 11. Bf4 Rc8 12. Nc3 Nh5 13. Bc1 f5 14. Qd3 Re8 15. Bb2 Nhf6 16. e3 Ne4 17. Rac1 Bd6 18. Qb1 h6 19. a4 Qe7 20. Qa2 Bb4 21. Nb1 Bb7 22. Ba3 Bxa3 23. Nxa3 c5 24. Ne5 Nxe5 25. dxe5 Ba6 26. f3 Ng5 27. h4 Nf7 28. f4 Red8 29. Qf2 Rd7 30. Rd2 Rcd8 31. Rcd1 h5 32. Bf3 dxc4 33. Rxd7 Rxd7 34. Rxd7 Qxd7 35. Nxc4 1/2-1/2

[Event "NAYCC U18 w"]
[Site "Kingston CAN"]
[Date "2025.08.20"]
[Round "4.5"]
[White "Vikas, Hema"]
[Black "Fei, Irene Jiao"]
[Result "0-1"]
[WhiteElo "1878"]
[BlackElo "1859"]
[WhiteFideId "-1"]
[WhiteFideId "-1"]
[PlyCount "108"]
[GameId "2218403298301989"]
[EventDate "2025.08.18"]
[EventType "swiss"]
[EventRounds "9"]
[EventCountry "CAN"]

1. e4 c6 2. Nf3 d5 3. Nc3 dxe4 4. Nxe4 Nf6 5. Nxf6+ exf6 6. d4 Bd6 7. Be2 O-O 8. O-O Nd7 9. c3 Re8 10. b4 a6 11. a4 Nf8 12. Ne1 Qc7 13. h3 Bf5 14. Bd3 Bg6 15. Bxg6 hxg6 16. Qf3 g5 17. Nd3 Ng6 18. g3 a5 19. Bd2 axb4 20. cxb4 Qd7 21. Kg2 Ne7 22. Rfe1 Nd5 23. a5 g6 24. b5 Kg7 25. a6 Rxe1 26. Bxe1 bxa6 27. bxc6 Qxc6 28. Rc1 Qb5 29. Nc5 Nb6 30. Ne4 Be7 31. Rc7 Nd5 32. Nc3 Nxc7 33. Nxb5 axb5 34. Qb7 Bd6 35. Bd2 Ra2 36. Be3 b4 37. h4 gxh4 38. gxh4 Ne6 39. Qb6 Bf4 40. d5 Bxe3 41. Qxe3 Re2 42. Qb6 Nf4+ 43. Kf1 Nxd5 44. Qb8 Re5 45. Kg1 Re4 46. Qb7 Rg4+ 47. Kf1 Nc3 48. Qh1 Rd4 49. Qf3 Rxh4 50. Qe3 Rh5 51. f4 Rb5 52. Qd3 b3 53. f5 b2 54. fxg6 b1=Q+ 0-1

[Event "NAYCC U18 w"]
[Site "Kingston CAN"]
[Date "2025.08.20"]
[Round "4.6"]
[White "Nguyen, Nghi Ngoc Phuong"]
[Black "Geillon-Barral, Roween"]
[Result "1-0"]
[WhiteElo "1767"]
[BlackElo "1416"]
[WhiteFideId "-1"]
[WhiteFideId "-1"]
[PlyCount "91"]
[GameId "2218416404826309"]
[EventDate "2025.08.18"]
[EventType "swiss"]
[EventRounds "9"]
[EventCountry "CAN"]

1. d4 d5 2. Nf3 Bf5 3. c4 e6 4. Qb3 b6 5. Nc3 Nf6 6. Bg5 c6 7. cxd5 cxd5 8. e4 dxe4 9. Bb5+ Nbd7 10. Ne5 Be7 11. Bxf6 Bxf6 12. Nxd7 Be7 13. Nxb6+ Kf8 14. Nxa8 Qxa8 15. O-O h6 16. Rac1 Kg8 17. d5 Kh7 18. Bc6 Qf8 19. dxe6 fxe6 20. Bxe4 Bxe4 21. Nxe4 Qf5 22. Ng3 Qg6 23. Rc6 Rf8 24. Rxe6 Qf7 25. Qd3+ Kg8 26. Qe2 Bc5 27. Re5 Bd6 28. Rf5 Qg6 29. Rxf8+ Bxf8 30. Rd1 Kh7 31. Nh5 Qf7 32. Qe4+ Kg8 33. Nf4 Qf6 34. Ne6 Be7 35. Rc1 Kf7 36. Nf4 Qd6 37. Qf5+ Qf6 38. Qd5+ Ke8 39. Rc8+ Bd8 40. Ne6 Kf7 41. Nxd8+ Kg6 42. Rc6 Kh7 43. Rxf6 gxf6 44. Qf7+ Kh8 45. Ne6 a5 46. Qg7# 1-0

[Event "NAYCC U18 w"]
[Site "Kingston CAN"]
[Date "2025.08.20"]
[Round "4.7"]
[White "Qian, Ashley"]
[Black "Wang, Lilian"]
[Result "1-0"]
[WhiteElo "2135"]
[BlackElo "1865"]
[WhiteFideId "-1"]
[WhiteFideId "-1"]
[PlyCount "123"]
[GameId "2218419668453584"]
[EventDate "2025.08.18"]
[EventType "swiss"]
[EventRounds "9"]
[EventCountry "CAN"]

1. e4 c5 2. Nf3 d6 3. d4 cxd4 4. Nxd4 Nf6 5. Nc3 a6 6. Be3 e5 7. Nf3 Be7 8. Bc4 O-O 9. O-O h6 10. Qe2 Qc7 11. Rfd1 Be6 12. Bb3 b5 13. a3 Rd8 14. Nh4 Nc6 15. Nf5 Rac8 16. Rd2 Bxf5 17. exf5 Na5 18. Rad1 Nc4 19. Bxc4 Qxc4 20. Qf3 d5 21. Bb6 Re8 22. Nxd5 Nxd5 23. Qxd5 Bg5 24. Qxc4 Rxc4 25. Be3 Bxe3 26. fxe3 Kf8 27. c3 Rc6 28. Rd6 Rxd6 29. Rxd6 Ra8 30. Rd5 Ra7 31. Kf2 f6 32. e4 Ke7 33. Ke3 Rc7 34. Kd3 Rc6 35. a4 bxa4 36. Ra5 Rb6 37. Kc2 Kf7 38. Rxa4 h5 39. Rc4 Rb7 40. Rc6 Ra7 41. b4 g6 42. fxg6+ Kxg6 43. c4 Kg5 44. g3 f5 45. Re6 fxe4 46. Rxe5+ Kg6 47. Rxe4 Rf7 48. Re2 Kg5 49. Kc3 h4 50. gxh4+ Kxh4 51. c5 Kg5 52. Kb3 Rf1 53. c6 Rf7 54. Rg2+ Kh5 55. Rc2 Rc7 56. Ka4 Kg5 57. Ka5 Kf6 58. Kxa6 Ke6 59. Kb6 Rc8 60. Kb7 Rh8 61. c7 Rh7 62. Kb8 1-0

[Event "NAYCC U18 w"]
[Site "Kingston CAN"]
[Date "2025.08.20"]
[Round "4.8"]
[White "Chovanec, Alice"]
[Black "Garcia Ortega, Natalia Belen"]
[Result "0-1"]
[WhiteElo "1813"]
[BlackElo "1892"]
[WhiteFideId "-1"]
[WhiteFideId "-1"]
[PlyCount "164"]
[GameId "2218423274305755"]
[EventDate "2025.08.18"]
[EventType "swiss"]
[EventRounds "9"]
[EventCountry "CAN"]

1. d4 d5 2. c4 e6 3. Nc3 Nf6 4. cxd5 exd5 5. Bg5 Nbd7 6. e3 c6 7. Bd3 Be7 8. Qc2 O-O 9. h3 Re8 10. Nf3 Ne4 11. Bxe4 dxe4 12. Nxe4 Qa5+ 13. Qd2 Bb4 14. Nc3 Nb6 15. O-O h6 16. Bh4 Qh5 17. Qd1 Nc4 18. Qe2 Nd6 19. Bg3 Nf5 20. Qd3 Bxc3 21. Qxc3 Rxe3 22. fxe3 Nxg3 23. Rfe1 Bxh3 24. e4 Re8 25. Ne5 Ne2+ 26. Rxe2 Qxe2 27. gxh3 Qxe4 28. Rf1 f6 29. Ng4 Qg6 30. Qc4+ Kh7 31. Kh2 h5 32. Nf2 Re3 33. Nh1 h4 34. d5 Re4 35. Qc2 cxd5 36. Qg2 Qxg2+ 37. Kxg2 Kg6 38. Kf3 Kf5 39. Rd1 d4 40. Nf2 Re3+ 41. Kg2 Rg3+ 42. Kh2 Ke5 43. Nd3+ Ke4 44. Nc5+ Ke3 45. Rd3+ Kf2 46. Ne4+ Ke2 47. Rxd4 Ke3 48. Ra4 b5 49. Rb4 a5 50. Rxb5 Kxe4 51. Rxa5 g5 52. Rc5 Rd3 53. Rc2 Rd4 54. b3 Kd3 55. Rf2 Kc3 56. Kg2 Rd6 57. Kf3 f5 58. Re2 Rd3+ 59. Kg2 g4 60. hxg4 fxg4 61. Kh2 Rf3 62. Kg2 Kd3 63. Re8 h3+ 64. Kh2 Rf2+ 65. Kg3 Rg2+ 66. Kf4 h2 67. Rh8 g3 68. a4 Rg1 69. a5 h1=Q 70. Rxh1 Rxh1 71. Kxg3 Kc3 72. Kf4 Ra1 73. Ke4 Rxa5 74. Ke3 Kxb3 75. Kd2 Re5 76. Kd3 Rd5+ 77. Ke4 Kc4 78. Ke3 Rd4 79. Kf3 Kd3 80. Kg3 Ke3 81. Kh3 Kf2 82. Kh2 Rh4# 0-1

[Event "NAYCC U18 w"]
[Site "Kingston CAN"]
[Date "2025.08.20"]
[Round "5.1"]
[White "Li, Sophie"]
[Black "Su, Jasmine Zhixin"]
[Result "0-1"]
[WhiteElo "2021"]
[BlackElo "2254"]
[WhiteFideId "-1"]
[WhiteFideId "-1"]
[PlyCount "64"]
[GameId "2218455072026487"]
[EventDate "2025.08.18"]
[EventType "swiss"]
[EventRounds "9"]
[EventCountry "CAN"]

1. Nf3 Nf6 2. c4 g6 3. Nc3 c5 4. d4 cxd4 5. Nxd4 Nc6 6. e4 Bg7 7. Be3 Ng4 8. Nxc6 Nxe3 9. Nxd8 Nxd1 10. Nxd1 Kxd8 11. Rb1 d6 12. Ne3 e6 13. Be2 Ke7 14. O-O b6 15. Rfd1 Bb7 16. f3 Rac8 17. Kf2 h5 18. Rd2 h4 19. Rbd1 Rcd8 20. b3 Be5 21. g3 hxg3+ 22. hxg3 Rh2+ 23. Ng2 g5 24. Bf1 Rdh8 25. g4 R8h6 26. Rd3 Rf6 27. Ke2 Bg3 28. Re3 Rh1 29. Ne1 Rfh6 30. Nc2 Bf4 31. Rc3 R6h2+ 32. Kd3 Rxf1 0-1

[Event "NAYCC U18 w"]
[Site "Kingston CAN"]
[Date "2025.08.20"]
[Round "5.2"]
[White "Qiu, Laurie"]
[Black "Yang, Aimee"]
[Result "1/2-1/2"]
[WhiteElo "1986"]
[BlackElo "2065"]
[WhiteFideId "-1"]
[WhiteFideId "-1"]
[PlyCount "72"]
[GameId "2218462579088819"]
[EventDate "2025.08.18"]
[EventType "swiss"]
[EventRounds "9"]
[EventCountry "CAN"]

1. d4 Nf6 2. c4 g6 3. Nc3 d5 4. Nf3 Bg7 5. Qb3 dxc4 6. Qxc4 O-O 7. e4 a6 8. Be2 b5 9. Qb3 c5 10. dxc5 Be6 11. Qc2 Nbd7 12. Be3 Rc8 13. Rd1 Qa5 14. a3 b4 15. axb4 Qxb4 16. Nd4 Nxc5 17. Nxe6 Nxe6 18. O-O a5 19. e5 Ng4 20. Bxg4 Qxg4 21. f4 Nd8 22. Qa4 Nc6 23. Bb6 Qe6 24. Nd5 Nb4 25. Qxa5 Nxd5 26. Rxd5 Ra8 27. Qc5 Rab8 28. Ba5 Rxb2 29. Rd2 Rfb8 30. Qf2 Qa2 31. Bc3 Rxd2 32. Qxd2 Qxd2 33. Bxd2 f6 34. exf6 exf6 35. Bc3 f5 36. Bxg7 Kxg7 1/2-1/2

[Event "NAYCC U18 w"]
[Site "Kingston CAN"]
[Date "2025.08.20"]
[Round "5.3"]
[White "Xie, Irene"]
[Black "Nguyen, Nghi Ngoc Phuong"]
[Result "1-0"]
[WhiteElo "1977"]
[BlackElo "1767"]
[WhiteFideId "-1"]
[WhiteFideId "-1"]
[PlyCount "87"]
[GameId "2218469746056694"]
[EventDate "2025.08.18"]
[EventType "swiss"]
[EventRounds "9"]
[EventCountry "CAN"]

1. e4 c5 2. Nf3 a6 3. g3 e6 4. Bg2 d5 5. exd5 exd5 6. O-O Nf6 7. d4 Be7 8. dxc5 Bxc5 9. Re1+ Be7 10. Nc3 O-O 11. Bg5 Nc6 12. Nd4 Qb6 13. Nxc6 bxc6 14. Rxe7 Ng4 15. Re2 Qxb2 16. Bd2 Bf5 17. Be1 Rfe8 18. Rb1 Qa3 19. Rxe8+ Rxe8 20. Qc1 Qc5 21. Qd2 h5 22. h3 Ne5 23. Qd1 h4 24. g4 Bg6 25. Rc1 Nc4 26. Nb1 f5 27. Bc3 Ne5 28. gxf5 Bxf5 29. Qh5 Qf8 30. Qxh4 Be4 31. Qg3 Bxg2 32. Bxe5 Bxh3 33. f4 Bf5 34. Nd2 Re6 35. Nf3 Rg6 36. Ng5 Qc5+ 37. Qf2 Qe7 38. Re1 Be4 39. Bd4 Qd7 40. Rb1 Qg4+ 41. Kf1 Kf8 42. Bxg7+ Kxg7 43. Qa7+ Kf6 44. Qf7# 1-0

[Event "NAYCC U18 w"]
[Site "Kingston CAN"]
[Date "2025.08.20"]
[Round "5.4"]
[White "Fei, Irene Jiao"]
[Black "Ruchinskaya, Valerie"]
[Result "0-1"]
[WhiteElo "1859"]
[BlackElo "1898"]
[WhiteFideId "-1"]
[WhiteFideId "-1"]
[PlyCount "80"]
[GameId "2218486641974782"]
[EventDate "2025.08.18"]
[EventType "swiss"]
[EventRounds "9"]
[EventCountry "CAN"]

1. d4 Nf6 2. Nf3 e6 3. Bf4 b6 4. e3 Be7 5. h3 c5 6. c3 Ba6 7. Bxa6 Nxa6 8. O-O O-O 9. Nbd2 d5 10. Qe2 Qc8 11. Rfe1 Qb7 12. a4 Rfd8 13. Ne5 Nb8 14. Rad1 Nc6 15. Nxc6 Qxc6 16. Qa6 Qc8 17. Qb5 Qd7 18. Nf3 Qxb5 19. axb5 a6 20. Bc7 Rdc8 21. Bxb6 axb5 22. dxc5 Ne4 23. Ra1 Nxc5 24. Nd4 Na4 25. Ba5 Rxa5 26. b3 Rxc3 27. bxa4 bxa4 28. Reb1 Ra8 29. Rb7 Bf8 30. Nb5 Rb3 31. Ra7 Rxa7 32. Nxa7 a3 33. Nc6 Rb2 34. Ne5 a2 35. Kh2 Rxf2 36. Kg3 Rc2 37. Kf3 g5 38. Nd3 Bg7 39. Nb4 Bxa1 40. Nxc2 Bg7 0-1

[Event "NAYCC U18 w"]
[Site "Kingston CAN"]
[Date "2025.08.20"]
[Round "5.5"]
[White "Zhong, April Yunwei"]
[Black "Kaur, Aradh"]
[Result "1-0"]
[WhiteElo "1879"]
[BlackElo "1919"]
[WhiteFideId "-1"]
[WhiteFideId "-1"]
[PlyCount "119"]
[GameId "2218489082482182"]
[EventDate "2025.08.18"]
[EventType "swiss"]
[EventRounds "9"]
[EventCountry "CAN"]

1. e4 e5 2. Nf3 Nc6 3. Bb5 a6 4. Ba4 Nf6 5. d3 b5 6. Bb3 Be7 7. O-O d6 8. a4 Bb7 9. c3 O-O 10. Re1 Re8 11. Bg5 h6 12. Bh4 Nh5 13. Bg3 Nxg3 14. hxg3 Bf6 15. Nbd2 Na5 16. Bc2 c5 17. Nf1 d5 18. Ne3 dxe4 19. dxe4 Qb6 20. Qe2 Bc6 21. axb5 axb5 22. b4 cxb4 23. cxb4 Nb7 24. Ng4 Be7 25. Rxa8 Rxa8 26. Nfxe5 Bxb4 27. Rb1 Bd6 28. Nxc6 Qxc6 29. e5 Bc7 30. Be4 Qa6 31. Qf3 Rb8 32. Qf5 Qg6 33. Qxg6 fxg6 34. Rxb5 h5 35. Ne3 Nd8 36. Rxb8 Bxb8 37. Nc4 g5 38. f4 h4 39. Kf2 hxg3+ 40. Kxg3 gxf4+ 41. Kxf4 Kf7 42. Bd5+ Ke7 43. Kf5 Nf7 44. Bxf7 Kxf7 45. Nd6+ Ke7 46. Nc8+ Kd8 47. Nb6 Ke7 48. Nd5+ Ke8 49. Ke6 Ba7 50. Ne7 Bb8 51. Nf5 Kf8 52. Nd6 Ba7 53. Kd7 Bd4 54. e6 Bf6 55. Nf5 g6 56. e7+ Bxe7 57. Nxe7 Kf7 58. Nd5 g5 59. Kd6 Kg6 60. g4 1-0

[Event "NAYCC U18 w"]
[Site "Kingston CAN"]
[Date "2025.08.20"]
[Round "5.6"]
[White "Garcia Ortega, Natalia Belen"]
[Black "Qian, Ashley"]
[Result "0-1"]
[WhiteElo "1892"]
[BlackElo "2135"]
[WhiteFideId "-1"]
[WhiteFideId "-1"]
[PlyCount "216"]
[GameId "2218495497477646"]
[EventDate "2025.08.18"]
[EventType "swiss"]
[EventRounds "9"]
[EventCountry "CAN"]

1. d4 Nf6 2. c4 e6 3. Nf3 Bb4+ 4. Bd2 a5 5. a3 Bxd2+ 6. Nbxd2 d6 7. e4 Qe7 8. Bd3 e5 9. O-O O-O 10. Rc1 Nbd7 11. b4 b6 12. Qc2 Re8 13. Rfe1 g6 14. d5 Kg7 15. Nf1 h5 16. Ne3 Rh8 17. h4 Rf8 18. Qd2 Nh7 19. Nf1 Bb7 20. Ng3 Ra7 21. b5 Nc5 22. Bc2 Bc8 23. Nf1 Ra8 24. N1h2 Bd7 25. Re3 Rae8 26. Rc3 Nf6 27. Re1 Ng4 28. Nf1 Nh6 29. Ng3 Bg4 30. Qg5 Qxg5 31. hxg5 Ng8 32. Nd2 Ne7 33. f3 Bd7 34. Ne2 h4 35. g3 Rh8 36. g4 f6 37. gxf6+ Kxf6 38. Nf1 Kg7 39. Nh2 Ref8 40. Kg2 Bc8 41. Ng1 Nd7 42. Nh3 Nf6 43. Rd1 Nh7 44. Rb3 Kh6 45. c5 bxc5 46. b6 cxb6 47. Rxb6 Rd8 48. Rb5 a4 49. Rdb1 Bd7 50. Rb6 Nc8 51. Ra6 Ng5 52. Bxa4 Nxh3 53. Kxh3 Bxa4 54. Rxa4 Kg5 55. Rb7 Kf6 56. Nf1 Ne7 57. g5+ Kf7 58. Raa7 Rhe8 59. Kxh4 Rc8 60. Ne3 c4 61. Rc7 c3 62. Nc4 Rcd8 63. Nb6 Rb8 64. Na4 Rb1 65. Nxc3 Rg1 66. Rxe7+ Rxe7 67. Ra6 Kf8 68. Ra8+ Re8 69. Ra6 Rc8 70. Ne2 Rg2 71. Rxd6 Rxe2 72. Rxg6 Rg2 73. d6 Rc1 74. Kh3 Rf2 75. Rf6+ Ke8 76. Kg4 Rg1+ 77. Kh5 Kd7 78. a4 Rfg2 79. Rf5 Kxd6 80. Kg6 Ke6 81. a5 Ra2 82. a6 Kd6 83. Kf7 Kd7 84. Rxe5 Rxa6 85. f4 Ra3 86. g6 Rag3 87. f5 Rg5 88. Re7+ Kd6 89. e5+ Kd5 90. Kf6 Ke4 91. Kg7 Kxf5 92. Rf7+ Kxe5 93. Rf6 Rf5 94. Ra6 Kf4 95. Kh7 Rfg5 96. Kg7 Kg4 97. Ra2 Kg3 98. Ra6 Kh4 99. Kh6 Rh5+ 100. Kg7 Rg4 101. Rb6 Rf5 102. Kh7 Rh5+ 103. Kg7 Kg3 104. Kf7 Rhg5 105. Rb3+ Kh4 106. Kg7 Rxg6+ 107. Kh7 R6g5 108. Rb6 Rh5+ 0-1

[Event "NAYCC U18 w"]
[Site "Kingston CAN"]
[Date "2025.08.20"]
[Round "5.7"]
[White "Geillon-Barral, Roween"]
[Black "Vikas, Hema"]
[Result "0-1"]
[WhiteElo "1416"]
[BlackElo "1878"]
[WhiteFideId "-1"]
[WhiteFideId "-1"]
[PlyCount "176"]
[GameId "2218697343811379"]
[EventDate "2025.08.18"]
[EventType "swiss"]
[EventRounds "9"]
[EventCountry "CAN"]

1. e4 c5 2. Nc3 Nc6 3. Bc4 g6 4. d3 Bg7 5. Nge2 Nf6 6. h3 O-O 7. O-O d6 8. Bd2 Na5 9. Bb3 a6 10. Rb1 b5 11. Nd5 Nxb3 12. Nxf6+ Bxf6 13. cxb3 Bb7 14. Bc3 e5 15. a3 Qb6 16. b4 c4 17. Kh1 d5 18. exd5 Bxd5 19. Ng3 cxd3 20. f3 Rad8 21. Re1 Rfe8 22. Ne4 Bh4 23. Rg1 Bxe4 24. fxe4 Qe3 25. Qg4 Qf4 26. Qf3 Qxf3 27. gxf3 Bf2 28. Rg2 Be3 29. Bd2 Bxd2 30. Rxd2 Rd6 31. Rc1 f5 32. Kg2 fxe4 33. fxe4 Rd4 34. Re1 Rc8 35. Kf3 Rf8+ 36. Kg2 Rf4 37. Kg3 Kf7 38. Re3 Rfxe4 39. Rxe4 Rxe4 40. Rxd3 Ke6 41. Rc3 Re2 42. Kf3 Rxb2 43. Ke4 Rd2 44. Ke3 Rd6 45. Kf3 Kf5 46. Ke2 Rd4 47. Ke3 Rh4 48. Ke2 h5 49. Rf3+ Rf4 50. Rc3 Re4+ 51. Kf2 a5 52. Rf3+ Ke6 53. bxa5 Ra4 54. Rg3 Kf6 55. Rf3+ Kg7 56. Re3 Rxa5 57. Rxe5 Rxa3 58. Rxb5 Rxh3 59. Kg2 Ra3 60. Rc5 Kh6 61. Re5 h4 62. Rd5 g5 63. Kh2 Kh5 64. Re5 Kg4 65. Re4+ Kf3 66. Re5 Kf4 67. Rb5 Ra2+ 68. Kg1 h3 69. Rb4+ Kg3 70. Rb3+ Kh4 71. Rb8 g4 72. Rb3 Ra1+ 73. Kf2 h2 74. Rb8 Ra2+ 75. Ke3 Kg3 76. Rb1 Kg2 77. Kf4 g3 78. Ke3 Rf2 79. Rc1 Rf1 80. Rc2+ Kg1 81. Rxh2 gxh2 82. Kd4 h1=Q 83. Ke5 Re1+ 84. Kf5 Qf3+ 85. Kg5 Re5+ 86. Kg6 Qf5+ 87. Kg7 Re7+ 88. Kg8 Qc8# 0-1

[Event "NAYCC U18 w"]
[Site "Kingston CAN"]
[Date "2025.08.20"]
[Round "5.8"]
[White "Wang, Lilian"]
[Black "Gomez Camara, Sofia"]
[Result "1-0"]
[WhiteElo "1865"]
[BlackElo "1840"]
[WhiteFideId "-1"]
[WhiteFideId "-1"]
[PlyCount "103"]
[GameId "2218700226723646"]
[EventDate "2025.08.18"]
[EventType "swiss"]
[EventRounds "9"]
[EventCountry "CAN"]

1. e4 d5 2. exd5 Nf6 3. d4 Nxd5 4. c4 Nb6 5. Nc3 e5 6. dxe5 Qxd1+ 7. Nxd1 Nc6 8. f4 Bb4+ 9. Kf2 Be6 10. a3 Bc5+ 11. Be3 Bxe3+ 12. Nxe3 O-O-O 13. Nf3 Nd4 14. b4 Nb3 15. Ra2 Nc1 16. Rc2 Nd3+ 17. Kg3 g6 18. Be2 h5 19. h4 Rd7 20. c5 Nd5 21. Nxd5 Bxd5 22. Bxd3 Bxf3 23. Bxg6 Bxg2 24. Rg1 Rg8 25. Rgxg2 Rxg6+ 26. Kh2 Rd4 27. Rxg6 fxg6 28. Rf2 Kd7 29. Kg3 Ke6 30. Kf3 Kf5 31. Ke3 Rc4 32. Kd3 Rc1 33. Re2 Ke6 34. Rg2 Kf5 35. Rg5+ Kxf4 36. e6 Re1 37. Rxg6 Re5 38. Rg7 Rxe6 39. Rxc7 b6 40. Rxa7 bxc5 41. bxc5 Kg4 42. Kc4 Kxh4 43. Kb5 Kg3 44. c6 Re5+ 45. Kb6 Re3 46. Ra5 h4 47. c7 Rb3+ 48. Kc6 Rc3+ 49. Rc5 Rxa3 50. c8=Q h3 51. Rg5+ Kh2 52. Qb8+ 1-0

[Event "NAYCC U18 w"]
[Site "Kingston CAN"]
[Date "2025.08.21"]
[Round "6.1"]
[White "Su, Jasmine Zhixin"]
[Black "Qiu, Laurie"]
[Result "1-0"]
[WhiteElo "2254"]
[BlackElo "1986"]
[WhiteFideId "-1"]
[WhiteFideId "-1"]
[PlyCount "99"]
[GameId "2218701959139142"]
[EventDate "2025.08.18"]
[EventType "swiss"]
[EventRounds "9"]
[EventCountry "CAN"]

1. e4 c5 2. Nf3 Nc6 3. d4 cxd4 4. Nxd4 e5 5. Nb5 d6 6. N1c3 a6 7. Na3 Be7 8. Nc4 b5 9. Ne3 Nf6 10. Bd3 O-O 11. O-O Nb4 12. a4 Be6 13. f3 d5 14. exd5 Nbxd5 15. Nexd5 Nxd5 16. axb5 Nxc3 17. bxc3 Qb6+ 18. Kh1 axb5 19. Rxa8 Rxa8 20. Qe2 Rb8 21. Qxe5 Bf6 22. Qe4 g6 23. Be3 Qd8 24. Bd4 Bf5 25. Qe3 Bxd3 26. Qxd3 Bxd4 27. cxd4 Qd5 28. Rb1 Rb7 29. h3 Kg7 30. Re1 Rd7 31. c3 h5 32. f4 b4 33. cxb4 Qxd4 34. Qxd4+ Rxd4 35. Rb1 Rxf4 36. b5 Ra4 37. b6 Ra8 38. b7 Rb8 39. Kg1 Kf6 40. Kf2 Ke5 41. Ke3 f6 42. Rb6 h4 43. Kf3 g5 44. Rb5+ Kd6 45. Ke4 Ke7 46. Kf5 Kf7 47. Rb2 Ke7 48. Rb6 Kf7 49. Rxf6+ Ke7 50. Rb6 1-0

[Event "NAYCC U18 w"]
[Site "Kingston CAN"]
[Date "2025.08.21"]
[Round "6.2"]
[White "Xie, Irene"]
[Black "Li, Sophie"]
[Result "1-0"]
[WhiteElo "1977"]
[BlackElo "2021"]
[WhiteFideId "-1"]
[WhiteFideId "-1"]
[PlyCount "97"]
[GameId "2218828020505677"]
[EventDate "2025.08.18"]
[EventType "swiss"]
[EventRounds "9"]
[EventCountry "CAN"]

1. e4 e5 2. Nf3 Nc6 3. Bc4 Bc5 4. d3 Nf6 5. O-O d6 6. c3 a5 7. Bb3 O-O 8. Bg5 Bg4 9. Nbd2 h6 10. Be3 Bxe3 11. fxe3 Ne7 12. h3 Bxf3 13. Qxf3 Ng6 14. d4 c6 15. Rad1 Qc7 16. Qg3 Kh7 17. Rf5 Qe7 18. Rdf1 Rad8 19. h4 Qd7 20. Bd1 Qe6 21. Bb3 Qd7 22. Bd1 Qe6 23. h5 Ne7 24. R5f2 Rde8 25. c4 Kh8 26. d5 Qd7 27. Qh4 Neg8 28. Rf5 Ne7 29. Rxf6 gxf6 30. Bg4 f5 31. Qf6+ Kg8 32. Bh3 Kh7 33. Rxf5 Ng8 34. Qh4 Qd8 35. Qf2 f6 36. Nf3 Ne7 37. Nh4 Qb6 38. Kh1 Ng8 39. Rf3 f5 40. Bxf5+ Kh8 41. Ng6+ Kg7 42. Nxf8 Rxf8 43. Qg3+ Kh8 44. Qg6 Qc7 45. Be6 Qe7 46. Rxf8 Qxf8 47. Bxg8 Qxg8 48. Qxh6+ Qh7 49. Qxh7+ 1-0

[Event "NAYCC U18 w"]
[Site "Kingston CAN"]
[Date "2025.08.21"]
[Round "6.3"]
[White "Ruchinskaya, Valerie"]
[Black "Zhong, April Yunwei"]
[Result "1-0"]
[WhiteElo "1898"]
[BlackElo "1879"]
[WhiteFideId "-1"]
[WhiteFideId "-1"]
[PlyCount "133"]
[GameId "2218830410898669"]
[EventDate "2025.08.18"]
[EventType "swiss"]
[EventRounds "9"]
[EventCountry "CAN"]

1. d4 d5 2. c4 e6 3. Nf3 c6 4. g3 dxc4 5. Bg2 b5 6. a4 Bb7 7. O-O Nf6 8. b3 cxb3 9. Qxb3 a6 10. Rd1 Be7 11. Ne5 O-O 12. axb5 axb5 13. Rxa8 Bxa8 14. Qa2 Bb7 15. Qa7 Qc8 16. Bf4 Nd5 17. Rc1 f6 18. Nd3 Nd7 19. e4 N5b6 20. Bh3 f5 21. Nd2 g5 22. Qa2 gxf4 23. Qxe6+ Rf7 24. Qxf5 Nf8 25. Qxf7+ Kxf7 26. Bxc8 Nxc8 27. Ne5+ Ke6 28. Nxc6 fxg3 29. hxg3 Bxc6 30. Rxc6+ Kd7 31. Rc2 Ne6 32. Nb3 Ng5 33. Re2 Kd6 34. f4 Ne6 35. Rh2 Nf8 36. Rh6+ Kc7 37. Kf2 Nd6 38. Kf3 Nf7 39. Rh1 Kd6 40. Ra1 Nd7 41. Ra6+ Kc7 42. d5 Nb6 43. Ra7+ Kd8 44. Nd4 Nc8 45. Nc6+ Ke8 46. Ra8 Kd7 47. e5 Nd8 48. Nxe7 Nxe7 49. Ra7+ Ke8 50. Ke4 h5 51. Ra5 b4 52. Rb5 Ng6 53. Rxb4 Kf7 54. f5 Nf8 55. Ra4 Kg7 56. Ra7+ Kg8 57. e6 Nh7 58. Ke5 h4 59. gxh4 Nf8 60. Ra8 Nh7 61. Rxd8+ Kg7 62. Rd7+ Kh6 63. Rxh7+ Kxh7 64. e7 Kh6 65. e8=Q Kh7 66. Kf6 Kh6 67. Qh8# 1-0

[Event "NAYCC U18 w"]
[Site "Kingston CAN"]
[Date "2025.08.21"]
[Round "6.4"]
[White "Qian, Ashley"]
[Black "Vikas, Hema"]
[Result "1/2-1/2"]
[WhiteElo "2135"]
[BlackElo "1878"]
[WhiteFideId "-1"]
[WhiteFideId "-1"]
[PlyCount "149"]
[GameId "2218884401876680"]
[EventDate "2025.08.18"]
[EventType "swiss"]
[EventRounds "9"]
[EventCountry "CAN"]

1. e4 c5 2. Nf3 d6 3. d4 cxd4 4. Nxd4 Nf6 5. Nc3 g6 6. Be3 Nc6 7. f3 h5 8. Qd2 Nxd4 9. Bxd4 Bh6 10. Bb5+ Kf8 11. Qd3 Be6 12. Bxf6 exf6 13. O-O Kg7 14. Nd5 Bxd5 15. Qxd5 Rc8 16. Qd3 Qb6+ 17. Kh1 Rc5 18. Bc4 Rhc8 19. Bb3 h4 20. Rad1 Bf4 21. c3 Rg5 22. Qe2 Rh8 23. Qc4 Rf8 24. Rd5 Rxd5 25. Qxd5 Qe3 26. Qd1 Rh8 27. Re1 Qb6 28. Qe2 Rc8 29. Rd1 Rc5 30. Qf2 Qc7 31. Bd5 h3 32. gxh3 b5 33. Qh4 Bg5 34. Qg4 b4 35. c4 Be3 36. Re1 Bh6 37. b3 Qe7 38. h4 f5 39. Qg1 fxe4 40. Qd4+ Qe5 41. Qxe4 Qxe4 42. fxe4 f6 43. Kg2 Bd2 44. Re2 Bc3 45. Kf3 Rc7 46. Rc2 Bd4 47. Rg2 Kh6 48. Kg4 Re7 49. Rd2 Bc5 50. Rd3 Re5 51. Rf3 Kg7 52. Rf4 a5 53. Rf3 Bd4 54. Rd3 Bc5 55. Rf3 Bd4 56. Bc6 Bc5 57. Kf4 Bg1 58. Kg3 Bc5 59. Bd5 Bd4 60. Kh3 Bc5 61. Bc6 Bg1 62. Rg3 Bc5 63. Bd5 Bf2 64. Rf3 Bc5 65. Rd3 Kf8 66. Rf3 Kg7 67. Rg3 Bf2 68. Rg2 Bc5 69. Rd2 Kf8 70. Kg3 Kg7 71. Rg2 Bd4 72. Kf3 Bc5 73. Rg4 Bd4 74. Bc6 Bc5 75. Bd5 1/2-1/2

[Event "NAYCC U18 w"]
[Site "Kingston CAN"]
[Date "2025.08.21"]
[Round "6.5"]
[White "Yang, Aimee"]
[Black "Nguyen, Nghi Ngoc Phuong"]
[Result "1-0"]
[WhiteElo "2065"]
[BlackElo "1767"]
[WhiteFideId "-1"]
[WhiteFideId "-1"]
[PlyCount "53"]
[GameId "2219054060437752"]
[EventDate "2025.08.18"]
[EventType "swiss"]
[EventRounds "9"]
[EventCountry "CAN"]

1. d4 Nf6 2. c4 c5 3. d5 e6 4. Nc3 exd5 5. cxd5 d6 6. e4 g6 7. f4 Bg7 8. Bb5+ Nfd7 9. Bd3 O-O 10. Nf3 Na6 11. Bxa6 bxa6 12. O-O Re8 13. Qc2 Nb6 14. f5 Nc4 15. Bf4 Rb8 16. Rab1 Qa5 17. Bg5 h6 18. f6 hxg5 19. fxg7 Ne3 20. Qf2 Nxf1 21. Nxg5 Qc7 22. Qh4 Kxg7 23. Qh7+ Kf8 24. Rxf1 Rb7 25. Qxg6 f5 26. Ne6+ Bxe6 27. dxe6 1-0

[Event "NAYCC U18 w"]
[Site "Kingston CAN"]
[Date "2025.08.21"]
[Round "6.6"]
[White "Fei, Irene Jiao"]
[Black "Chovanec, Alice"]
[Result "0-1"]
[WhiteElo "1859"]
[BlackElo "1813"]
[WhiteFideId "-1"]
[WhiteFideId "-1"]
[PlyCount "58"]
[GameId "2219056108163328"]
[EventDate "2025.08.18"]
[EventType "swiss"]
[EventRounds "9"]
[EventCountry "CAN"]

1. d4 d5 2. Bf4 c5 3. e3 Nc6 4. c3 Qb6 5. Qb3 c4 6. Qc2 e5 7. dxe5 Bf5 8. Qc1 g5 9. Bxg5 Nxe5 10. Nd2 f6 11. Bf4 Ne7 12. Ngf3 Nd3+ 13. Bxd3 Bxd3 14. Nd4 Rg8 15. Bg3 h5 16. N2f3 Ng6 17. Qd2 O-O-O 18. h4 Re8 19. Ne2 Ne5 20. Nxe5 fxe5 21. O-O Bh6 22. Kh2 d4 23. cxd4 exd4 24. Rfc1 Kd7 25. Bf4 dxe3 26. fxe3 Qg6 27. Nd4 Bxf4+ 28. exf4 Qg3+ 29. Kg1 Re2 0-1